Brand Logos #1 - Statistics

General Stats
  • This quiz has been taken 112 times
  • The average score is 13 of 16
Answer Stats
Picture Answer % Correct
Apple
100%
Google
100%
Coca-Cola
99%
Amazon
98%
Bayerische Motoren Werke
97%
McDonald's
97%
Samsung
97%
Disney
96%
Facebook
96%
Microsoft
93%
Toyota
92%
Mercedes-Benz
84%
Intel
66%
International Business Machines
64%
General Electric
44%
Oracle
9%
No matching quizzes found
Score Distribution
Percent of People with Each Score
Percentile by Number Answered
Your Score History
You have not taken this quiz